Constituciones de las monjas de la sagrada orden de predicadores adaptadas al codigo de derecho canonico aprobadas por su santidad el Papa Pio XI y publicadas por orden del Rmo. P. Fr. Martin Estanislao Gillet maestro general de Orden

Detalles Bibliográficos
Autor Corporativo: Dominicos
Formato: Libro
Lenguaje:Undetermined
Spanish
Publicado: Almagro : 1930
Materias:
Colección:Banco de datos
Acervo:Monasterio de Santa Catalina de Siena de la Orden de Santo Domingo de Puebla. Puebla
Descripción Física:XVI, 271 p. ; 8º
Tema general:Religiosos
LEADER 00841nam a2200157Ia 4500
008 150723s9999 xx 000 0 und d
041 0 |a spa 
110 1 |a Dominicos 
245 1 0 |a Constituciones de las monjas de la sagrada orden de predicadores adaptadas al codigo de derecho canonico aprobadas por su santidad el Papa Pio XI y publicadas por orden del Rmo. P. Fr. Martin Estanislao Gillet maestro general de Orden  
260 |a Almagro :   |b Convento de PP. Dominicos,   |c 1930 
300 |a XVI, 271 p.   |c  ; 8º 
650 1 0 |a Religiosos 
949 |a Monasterio de Santa Catalina de Siena y Santa Ana del Convento de Dominicas del Estado de Puebla: 636, 637, 638, 639, 640, 641, 642, 643, 644, 645, 646, 647, 648 
942 |c DOMPUE 
943 |g Monasterio de Santa Catalina de Siena de la Orden de Santo Domingo de Puebla. Puebla 
999 |c 1105272  |d 1105272